| 000 | 00787nam a22002297a 4500 | ||
|---|---|---|---|
| 005 | 20240530110959.0 | ||
| 008 | 150618s2007 ua d g b 000 0 ara d | ||
| 020 | _a9774084470 | ||
| 040 | _aEG-CaGPL | ||
| 082 | 0 | 4 |
_221 _a658.83 \ _bم ف |
| 100 | 0 | _aموريل ، جيمس | |
| 245 | 1 | 0 |
_aفن قراءة السوق / _cتاليف موريل ، جيمس ؛ مترجم خالد العامرى |
| 250 | _aط1 | ||
| 260 |
_aالقاهرة : _bدار الفاروق للنشر والتوزيع، _c2007 . |
||
| 300 |
_a256 ص : _bايض ؛ _c24 سم |
||
| 490 | _aمهارات التسويق الحديثة | ||
| 650 | 0 | 4 | _aالتدريب |
| 650 | 0 | 4 |
_aالتدريب _xتخطيط |
| 650 | 0 | 4 | _aالاسواق |
| 942 |
_2ddc _cBK |
||
| 999 |
_c67139 _d67139 |
||